00275nam a2200109Ia 4500008004100000082001000041082000800051245007700059245001000136260001000146300000900156231017s9999 xx 000 0 und d a625.8 bAND 2aA process for selecting strategies for rehabilitation of rigid pavements 0cNCHRP bNCHRP c30cm